V tvorivom ovzduší k novým úspechom Novoročný prejav M. Gorbačova k sovietskemu ľudu

Bibliographic Details
Main Author: Gorbačov, Michail Sergejevič, 1931-2022 (Author)
Format: Article
Language:Slovak
Subjects:

MARC

LEADER 00000nab a2200000 a 4500
001 vtls000236108
003 SK-MaSNL
005 20260302210451.0
008 111130c1986 xo 0 slo
015 |a SNBRB19rr/mm-uuuuu 
035 |a CL0246222 
040 |a SNKBUCL  |b slo  |c SNKBUCL  |e AACR2 
041 0 |a slo 
044 |a xo  |c SK 
080 |a 323(100-11)(47)  |2 1981 
080 |a 327(100-11)  |2 1981 
080 |a 329.15(47)  |2 1981 
100 1 |a Gorbačov, Michail Sergejevič,  |d 1931-2022  |4 aut  |9 115043 
245 1 0 |a V tvorivom ovzduší k novým úspechom  |b Novoročný prejav M. Gorbačova k sovietskemu ľudu  |c Michail Gorbačov 
650 0 7 |a vnútorná politika  |2 snkbucl  |9 970 
650 0 7 |a zahraničná politika  |2 snkbucl  |9 971 
651 7 |a Sovietsky zväz  |2 snkbucl  |9 22126 
655 7 |a články z novín a časopisov  |2 snkbucl  |9 267496 
773 0 |t Pravda  |g Roč. 67, č. 1 (2. 1. 1986), s. 1 a 4 
850 |a Slovenská národná knižnica v Martine  |a MTA001 
852 |a SNK  |b KIS3GCP 
958 |a RK 
958 |a SU 
992 |a RBX 
999 |c 1482821  |d 1484751